000 00831nam a2200277 a 4500
003 AR-BaBNM
005 20251128205158.0
008 082120s2002 ||||||||||||||000 | spa||
020 _a950-21-1137-0
040 _cAR-BaBNM
100 1 _aFormiga de Tosco, Lidia María
245 0 0 _aCuenterío
_bantología de cuentos para chicos
260 _aBuenos Aires
_bPlus Ultra
_c1993
300 _a124 p.
_bil.
500 _aContiene nota biobibliográfica de los autores en p. 115-124
500 _aCada cuentos viene acompañado por una pequeña entrevista al autor
650 4 _aLITERATURA INFANTIL
650 4 _aLIBROS PARA NIÑOS
650 4 _aANTOLOGIAS
650 4 _aCUENTOS DE ANIMALES
650 4 _aHISTORIAS DE AMOR
650 4 _aCUENTOS DE AVENTURAS
655 _aLITERATURA
942 _cBK
998 _cisola
999 _c10317
_d10317